00406pab a2200145 454500008004000000100001600040245007600056260000900132300001300141362000800154650002200162650003300184650002500217773001800242180718b2013 xxu||||| |||| 00| 0 eng d aTyagi, Ajay aIntroducing emissions trading scheme for industrial pollutants in India c2013 ap.18-37. aNov aPollution - India aIndustrial pollution - India aIndustrial pollution aAdministrator